01812nam a22002657a 4500003000900000008004100009040007100050082002400121110003300145245004500178260005300223300002900276440008300305505092100388650002701309650002501336650003201361650001701393650002001410700002201430700002101452700003301473700002501506700001501531AR-CdUCM190425b ||||| |||| 00| 0 spa d aMUNICIPALIDAD PROVINCIAL DEL CUSCOcBIBLIOTECA MUNICIPAL DEL CUSCO aRev.Allp/N°24/1984 aInstituto de Pastoral Andina aAllpanchis Phuturinqa :bRevista Anual / aCusco :bCentro Bartolomé de Las Casas,c1985. a298 páginas. :c20 cm. aRevista del Instituto de Pastoral Andina CusconAño XIV, 1984,N°24.Vol. XX. aContenido: El instituto de Pastoral Andina un servicio a la iglesia del sur andino. Andrés Gallego. -- La mujer surandina en el pueblo de Dios. Aurora Lapiedra. -- Acercándose al mundo campesino. Miguel Briggs. -- Promoción campesina desde el trabajo pastoral. Luis Jesús López Rivera. -- Santiago de Pupuja un pueblo que celebra. Berna Schulte. -- Los rocotos florecen. Miguel Rey de Werra. -- Dominar o servir hitos de una larga búsqueda eclesiástica en el mundo quechua y andino. Xavier Albo. -- Catequistas campesinos. Otto Brun. -- Perspectivas de la medicina andina Lisbeth Van Der. -- Los mitmas salineros de Tarma Chinchaycocha y Pasco, siglos XX a.C. -XX d.C. Waldemar Espinoza. -- Aporte tradicional andino para la solución de problemas de irrigación el caso especifico del altiplano. Beat R. Dietschy. -- Entorno a los precios a la historia de los precios y una majadería intelectual.  aComunidades campesinas aEconomía campesina aEvangelización católica aIrrigación aMedicina andina aGallego, Andrés aLapiedra, Aurora aLópez Rivera, Luis Jesús aRey de Werra, Miguel aBrun, Otto